| LEADER | 00836cam a2200229 a 4500 | ||
|---|---|---|---|
| 001 | 0000098287 | ||
| 005 | 20100723090000.0 | ||
| 040 | |a mod | ||
| 041 | |a eng | ||
| 020 | |a 9789835935855 | ||
| 090 | 0 | 0 | |a 297.076 |b PEN |c f |e 2008 |
| 245 | 1 | 0 | |a Pendidikan Islam |b spm tingkatan 4 & 5 |c Maimon Husin ...[et al.] |
| 260 | |a Petaling Jaya |b Sasbadi |c 2008 | ||
| 300 | |a xxxii, 415 p. |b ill. |c 27 cm | ||
| 490 | 0 | |a Nexus | |
| 650 | 0 | 0 | |a Islam |x Problems, exercises, etc. |
| 650 | 0 | 0 | |a Islam |x Examinations, questions, etc |
| 700 | 1 | |a Maimon Husin | |
| 999 | |a 0269034 |b SPPTD |d BOOKS |e Buku Teks |f SPPTD |j AVAILABLE |q GOOD CONDITION | ||
| 999 | |a 0269035 |b SPPTD |d BOOKS |e Buku Teks |f SPPTD |j AVAILABLE |q GOOD CONDITION | ||
| 999 | |a 0270662 |b 4 DIV |d BOOKS |e Buku Teks |f 4 DIV |j AVAILABLE |q GOOD CONDITION | ||
| 999 | |a B000001475 |b SPPTD |d BOOKS |e Umum |f SPPTD |j AVAILABLE |q GOOD CONDITION | ||